Statistics for NHL Nationalities

Click here to take the quiz!

General Stats

  • This quiz has been taken 22 times
  • The average score is 15 of 20

Answer Stats

PlayerAnswer% Correct
Henrik LundqvistSweden
100%
Connor McDavidCanada
95%
Auston MatthewsUnited States
95%
Alexander OvechkinRussia
90%
Frederik AndersenDenmark
85%
Pierre-Edouard BellemareFrance
85%
Leon DraisaitlGermany
85%
Sebastian AhoFinland
80%
Nino NiederreiterSwitzerland
80%
Nathan WalkerAustralia
75%
Zdeno CharaSlovakia
75%
Anze KopitarSlovenia
75%
Luca SbisaItaly
70%
Mats ZuccarelloNorway
70%
Zemgus GirgensonsLatvia
65%
Daniel SprongNetherlands
60%
Dmytro TimashovUkraine
60%
Michael GrabnerAustria
55%
Alexander GeorgievBulgaria
55%
Brendan PerliniUnited Kingdom
55%

Score Distribution

Percentile by Number Answered

Percent of People with Each Score

Your Score History

You have not taken this quiz